LEADER 02947nas 2200985-a 450 001 996207136103316 005 20231101154439.0 011 $a1749-5024 035 $a(OCoLC)71257314 035 $a(CKB)1000000000223768 035 $a(CONSER)--2007237256 035 $a(DE-599)ZDB2236933-8 035 $a(EXLCZ)991000000000223768 100 $a20060906a20069999 s-- a 101 0 $aeng 135 $aurcn||||||||| 181 $ctxt$2rdacontent 182 $cc$2rdamedia 183 $acr$2rdacarrier 200 10$aSocial cognitive and affective neuroscience 210 $aOxford, UK $cOxford Journals, Oxford University Press 300 $aRefereed/Peer-reviewed 311 $a1749-5016 517 1 $aSCAN 531 $aSCAN 531 $aSOC COGN AFFECT NEUROSCI 531 $aSOCIAL COGNITIVE & AFFECTIVE NEUROSCIENCE 531 $aSOC COGN AFFECT NEUR 531 $aSOC. COGN. AFFECT. NEUROSCI 531 10$aSoc Cogn Affect Neurosci 606 $aNeurosciences$xSocial aspects$vPeriodicals 606 $aCognitive neuroscience$vPeriodicals 606 $aNeurosciences 606 $aNeurosciences 606 $aCognitive Science 606 $aSocial Behavior 606 $aNeurosciences$xAspect social$vPériodiques 606 $aNeurosciences cognitives$vPériodiques 606 $aNeurosciences 606 $aNeurosciences$2fast$3(OCoLC)fst01036509 606 $aCognitive neuroscience$2fast$3(OCoLC)fst00866540 606 $aNeurosciences$xSocial aspects$2fast$3(OCoLC)fst01036520 608 $aPeriodical 608 $aPeriodicals.$2fast 610 00$acognitieve ontwikkeling 610 00$acognitive development 610 00$asociaal gedrag 610 00$asocial behaviour 610 00$aneurowetenschap 610 00$aneuroscience 610 00$aemoties 610 00$aemotions 610 00$ageest 610 00$amind 610 00$asociale kennis 610 00$asocial cognition 610 00$ahersenziekten 610 00$abrain diseases 610 00$ageestelijke stoornissen 610 00$amental disorders 610 00$aneurologie 610 00$aneurology 610 00$acognitieve psychologie 610 00$acognitive psychology 610 10$aCognition 610 20$aMedicine (General) 610 10$aCognitie 610 20$aGeneeskunde (algemeen) 615 0$aNeurosciences$xSocial aspects 615 0$aCognitive neuroscience 615 0$aNeurosciences. 615 12$aNeurosciences 615 22$aCognitive Science 615 22$aSocial Behavior 615 6$aNeurosciences$xAspect social 615 6$aNeurosciences cognitives 615 6$aNeurosciences. 615 7$aNeurosciences. 615 7$aCognitive neuroscience. 615 7$aNeurosciences$xSocial aspects. 676 $a612.82 906 $aJOURNAL 912 $a996207136103316 996 $aSocial cognitive and affective neuroscience$92009263 997 $aUNISA